000
00331nam a2200145Ia 4500
008
150201s2004 xx 000 0 und d
082
_a
611
_b
A2004T
100
_a
THIBODEU,G.A.
245
_a
ANATOMY & PHYSIOLOGY
250
_a
17TH
260
_b
ELSEVIER
_a
DELHI
_c
2004
300
_a
1-1072
650
_a
ANATOMY
942
_2
ddc
_c
BK
999
_c
3646
_d
3646